| 000 | 00000nam##2200000za#4500 |
| 001 | 9.698117 |
| 003 | CaOODSP |
| 005 | 20210624235802 |
| 007 | cr ||||||||||| |
| 008 | 150407|1962||||xxc|||||o f|0| 0 eng|d |
| 040 | |aCaOODSP|beng |
| 043 | |an-cn--- |
| 086 | 1 |aFs23-593/1962E-PDF |
| 110 | 1 |aCanada. |bDepartment of Fisheries and Oceans. |
| 245 | 14|aThe biology and hunting of beluga or white whales in the Canadian Arctic : |h[electronic resource]|bArctic Unit, Circular No. 8 / |cby D. E. Sergeant. [Originally published by] Fisheries Research Board of Canada. |
| 260 | |aMontreal - Quebec : |bFisheries and Oceans Canada |cFebruary 1962. |
| 300 | |a17p.|bgraphs, maps, references |
| 590 | |a13-16-Supp|b2013-07-12 |
| 856 | 40|ahttp://publications.gc.ca|qPDF|s10.76 MB|uhttps://publications.gc.ca/collections/collection_2013/mpo-dfo/Fs23-593-1962-eng.pdf |